A képviselőtestület
Kritika mestského predstavenstva, ktoré žiadne úlohy a problémy mesta nerieši, len ich predloží. Nestará sa o to, že drevárska priemyslovka bude preložená [do Prešova], nestará sa o nutnosť výstavby novej budovy vyššej obchodnej školy, prijali uznesenie o výstavbe požiarnej zbrojnice, ako aj o dovyb...
| Médium: | Článok |
|---|---|
| Jazyk: | Hungarian |
| Témy: | |
| Zdroj: |
1. Homonna és Vidéke : Hetilap 1. Roč. 13, č. 14 (30.03.1913) s. 2 |
| LEADER | 01270nab#a2200301#ar4500 | ||
|---|---|---|---|
| 001 | 000071900 | ||
| 003 | SVKKK | ||
| 005 | 20011120xxxxxxx. | ||
| 008 | 06 c xo huno | ||
| FMT | |||
| 038 | |a SVKKK | ||
| 040 | |a SVKKK |b slo |e AACR2 | ||
| 041 | 0 | |a hun | |
| 044 | |a xo |c SK | ||
| 080 | |a 352:373.5/.6:377:614.84 | ||
| 242 | 1 | 0 | |a Poslanecký zbor |
| 245 | 0 | 0 | |a A képviselőtestület |
| 500 | |a mikrofilm | ||
| 520 | 2 | |a Kritika mestského predstavenstva, ktoré žiadne úlohy a problémy mesta nerieši, len ich predloží. Nestará sa o to, že drevárska priemyslovka bude preložená [do Prešova], nestará sa o nutnosť výstavby novej budovy vyššej obchodnej školy, prijali uznesenie o výstavbe požiarnej zbrojnice, ako aj o dovybavení náradím - realizácia týchto úloh však nie je. Kritika vedená vo veľmi zovšeobecňujúcom tóne. | |
| 650 | 0 | 4 | |a predstavenstvo mestské - vyššia obchodná škola, Humenné - Humenská štátna rezbárska škola - požiarnici - problémy neriešené - Humenné - marec 1913 - kritiky |
| 773 | 0 | |t Homonna és Vidéke : Hetilap |g Roč. 13, č. 14 (30.03.1913) s. 2 | |
| 957 | |a Humenné | ||
| 958 | |a DG | ||
| 958 | |a SK | ||
| 974 | |a Ba |d 20011120 | ||
| 992 | |a RBX | ||
| BAS | |||
| 998 | |a RETRO | ||